The Future of the U.S. Intercontinental Ballistic Missile Force (Record no. 352665)
[ view plain ]
| 000 -LEADER | |
|---|---|
| fixed length control field | 00706nam a2200133Ia 4500 |
| 008 - FIXED-LENGTH DATA ELEMENTS--GENERAL INFORMATION | |
| fixed length control field | 171212s9999 xx 000 0 und d |
| 020 ## - INTERNATIONAL STANDARD BOOK NUMBER | |
| International Standard Book Number | 9780833076236 |
| 100 ## - MAIN ENTRY--PERSONAL NAME | |
| Personal name | Caston, Lauren;Leonard, Robert S.;Mouton, Christopher A.;Ohlandt, Chad J. R.;Moore, S. Craig;Conley, Raymond E.;Buchan, Glenn |
| 245 ## - TITLE STATEMENT | |
| Statement of responsibility, etc | Caston, Lauren;Leonard, Robert S.;Mouton, Christopher A.;Ohlandt, Chad J. R.;Moore, S. Craig;Conley, Raymond E.;Buchan, Glenn |
| Title | The Future of the U.S. Intercontinental Ballistic Missile Force |
| 260 ## - PUBLICATION, DISTRIBUTION, ETC. (IMPRINT) | |
| Name of publisher, distributor, etc | RAND Corporation |
| Date of publication, distribution, etc | 2014 |
| 650 ## - SUBJECT ADDED ENTRY--TOPICAL TERM | |
| Topical term or geographic name as entry element | History |
| 650 ## - SUBJECT ADDED ENTRY--TOPICAL TERM | |
| Topical term or geographic name as entry element | Intercontinental ballistic missiles -- United States; Minuteman (Missile) |
| 856 ## - ELECTRONIC LOCATION AND ACCESS | |
| Uniform Resource Identifier | <a href="http://www.jstor.org/stable/10.7249/j.ctt5vjxdn">http://www.jstor.org/stable/10.7249/j.ctt5vjxdn</a> |
| Withdrawn status | Lost status | Damaged status | Home library | Current library | Date acquired | Total Checkouts | Full call number | Date last seen | Price effective from | Koha item type |
|---|---|---|---|---|---|---|---|---|---|---|
| College Library | College Library | 12/12/2017 | UG1312.I2 | 12/12/2017 | 12/12/2017 | Curriculum - Based eBooks |